000 00547nam a2200193Ia 4500
003 IN-BaIIA
008 211028s9999 xx 000 0 eng d
020 _a978-3-540-63122-4
040 _cIIA Library
080 _a539.125
_bHEY
100 _aHeyde, Kris
_925462
245 0 _aFrom nucleons to the atomic nucleus
_bperspectives in nuclear physics
_cKris Heyde
260 _aBerlin
_bSpringer-Verlag
_c1998
300 _axi, 189p.
650 _aAstrophysics
_9794
650 _aAtomic nucleus
_925463
650 _aNucleons
_925464
942 _cBK
999 _c14376
_d14376